000 00722nam a22001817a 4500
003 JO-AjAnu
005 20241019100621.0
008 241019b jo ||||| |||| 00| 0 ara d
020 _a978-977-440-591-5
040 _cJO-AjAnu
041 _hARA
100 _aإبنعوف، محمود حسن عمر
_966292
245 _aتعزيز الذات المهنية للمرشدين الزراعيين = Enhancing Professional Self of Agricultural Extension Agents
_c / محمود حسن عمر إبنعوف
260 _aالقاهرة :
_bالدار العالمية للنشر والتوزيع،
_c2024
300 _a178 صفحة
650 _vالمرشدين الزراعيين-تعزيز الذات
942 _2lcc
_cBK
_n0
999 _c33745
_d33745